| 000 | 01257nam a22003731i 4500 | ||
|---|---|---|---|
| 001 | 020495216 | ||
| 003 | EG-ScBUE | ||
| 005 | 20230305031947.0 | ||
| 008 | 220215t2023 nyua f d 001 0 eng d | ||
| 020 | _a9781265094454 (pbk.) | ||
| 020 | _a1265094454 | ||
| 040 |
_aStDuBDS _beng _erda _cStDuBDS _dEG-ScBUE |
||
| 082 | 0 | 4 |
_a657.0285 _222 _bRIC |
| 100 | 1 |
_aRichardson, Vernon J., _eauthor. |
|
| 245 | 1 | 0 |
_aData analytics for accounting / _cVernon Richardson, University of Arkansas, Baruch College, Katie Terrell, University of Pittsburgh, Ryan Teeter, University of Arkansas. |
| 250 | _aThird edition. | ||
| 250 | _aInternational student edition. | ||
| 264 | 1 |
_aNew York : _bMcGraw Hill, _c[2023] |
|
| 264 | 4 | _cc2023 | |
| 300 |
_axxv, 609 pages : _bcolor illustrations ; _c30 cm |
||
| 336 |
_atext _2rdacontent _btxt |
||
| 337 |
_aunmediated _2rdamedia _bn |
||
| 338 |
_avolume _2rdacarrier _bnc |
||
| 500 | _aIncludes index. | ||
| 500 | _aIncludes glossary. | ||
| 500 | _aIncludes Appendices. | ||
| 650 | 7 |
_aAccounting _xData processing. _2BUEsh |
|
| 653 |
_bBUSADM _cMarch2023 |
||
| 655 | _vReading book | ||
| 700 | 1 |
_aTerrell, Katie, _eauthor. |
|
| 700 | 1 |
_aTeeter, Ryan, _eauthor. |
|
| 942 |
_2ddc _cBB |
||
| 999 |
_c30189 _d30160 |
||